Необикновените пътешествия на Майкъл Палин[видео DVD] (Запис номер 223067)
[ съкратено ]
| 000 -Лидер | |
|---|---|
| Контролно поле с фиксирана дължина | 01544njm a2200361 c 4500 |
| 003 - Код на организацията, давaща контролен номер | |
| Контролно поле | BLK |
| 005 - Дата и час на последна редакция | |
| Контролно поле | 20180422121532.0 |
| 008 - Елементи от данни с фиксирана дължина | |
| fixed length control field | 180410b bul||n||s|||||||| n|bulo| |
| 010 ## - Наследен системен номер | |
| LC control number | CDD00004924000 |
| 040 ## - Източник на каталожния запис | |
| Идентификатор на билиотеката - собственик на записа | BLK |
| 041 ## - Код за език | |
| Код за езика на текст/звукозапис или на отделно заглавие | Английски |
| Код за езика КДБФ | Английски |
| 080 ## - УДК | |
| Текстов определител УДК | Откривателски пътешествия. Експедиции |
| УДК код - определител по УДК | 910.4 |
| УДК определител | (4)(086.8) |
| УДК - код + определител | 910.4(4)(086.8) |
| 080 ## - УДК | |
| Текстов определител УДК | Филмова информация. Кинохроники |
| УДК код - определител по УДК | 791.43-92 |
| УДК определител | |
| УДК - код + определител | 791.43-92 |
| 139 ## - Редно поле | |
| Редна дума | Необикновените пътешествия на Майкъл Палин[видео DVD] |
| Авторски знак | Нео - Н 57 |
| 245 10 - Сведения за заглавието | |
| Заглавие | Необикновените пътешествия на Майкъл Палин[видео DVD] |
| Подзаглавни данни | DVD 1 - |
| Редно поле (дума) | presente par Майкъл Палин. |
| Том | DVD 6 |
| Заглавие на том | Дивият Изток ; От Дунав до Днепър |
| 257 ## - Страна на издаване | |
| Страна на създаване/издаване | Великобритания |
| 260 ## - Област на издателските данни | |
| -- | София |
| Име на издателя, разпространителя и проч. | в. Капитал |
| Година на издаване | 2007 - |
| 300 ## - Физическа характеристика | |
| Размери/Мащаб | 12 см |
| 306 ## - Продължителност на изпълнението | |
| -- | ф |
| 380 ## - Жанр | |
| Жанр | Изкуство |
| 490 1# - СЕРИИ (Колекции) | |
| Име на серия | Нова Европа |
| №: серия | 2 |
| 500 ## - Общи забележки | |
| Забележка | Дигитално изд. на BBC. - Субтитри на бълг. ез. МК № 53005 (6) / 30.01.2008. |
| 650 #4 - Допълнително описание по предмет – тема | |
| Основно описание – тема или топоним | Пътешествия |
| 9 (RLIN) | 168587 |
| 651 #4 - Допълнително описание по предмет - топоним | |
| Географско понятие | Европа |
| 9 (RLIN) | 244407 |
| 653 ## - Ключова дума – ненормативна | |
| Ключова дума | пътешествия |
| 700 1# - Други автори (авторска отговорност) | |
| Лично име | Палин, Майкъл |
| Автороска отговорност (Описва отношението между автора и произведението) | presente par |
| 9 (RLIN) | 387867 |
| 760 1# - Описание на основната серия | |
| Място на издаване, издател и година | 2008 |
| Страници - том | (4,21 GB) |
| Заглавие | DVD 6 Дивият Изток ; От Дунав до Днепър |
| 852 ## - Местоположение | |
| Форматна сигнатура | Цб CD 2879 |
| Част | 0 |
| 856 4# - Електронен адрес и достъп | |
| Електронен формат | pdf - файл |
| Път до файла /url/ | |
| 856 4# - Електронен адрес и достъп | |
| Електронен формат | pdf - файл |
| Път до файла /url/ | |
| 942 ## - АРТИКУЛИ | |
| Вид на библиотечния материал | Компактдискове |
| Скрит в OPAC | Не |
| 944 ## - СЪЗДАВАНЕ И РЕДАКЦИЯ на ЗАПИСА | |
| Създаване/Редакция | Създаване |
| Дата на регистрацията/редакция | 29.06.2011 |
| Служител, извършил регистрацията/редакцията | Людмила_Стоянова |
| 944 ## - СЪЗДАВАНЕ И РЕДАКЦИЯ на ЗАПИСА | |
| Създаване/Редакция | Редакция |
| Дата на регистрацията/редакция | 26.09.2013 |
| Служител, извършил регистрацията/редакцията | |
| 999 ## - СИСТЕМНИ КОНТРОЛНИ НОМЕРА | |
| Koha biblionumber | 223067 |
| Koha biblioitemnumber | 223067 |
| Код за отписване | Код за изгубен артикул | Източник на класификационната схема | Код за повреда | Коз за рестрикции | Код за отдаване | Артикулен № | Име на библиотеката - собственик | Име на библиотеката, в която се намира в момента | Статус (Текущо местоположение) | Дата на вписване в системата | Местоположение - отдел | Цена в лева | Инвентарен номер | Систематично азбучна сигнатура | Баркод | Номер на екземпляра | Цена в евро | Служебна бележка | Служебен тип на артикула |
|---|---|---|---|---|---|---|---|---|---|---|---|---|---|---|---|---|---|---|---|
| Изтеглен | Не е изгубен | Universal Decimal Classification | Не е повреден | без рестрикции | заемане за дома | 395082 | Регионална библиотека "Любен Каравелов" Русе | Регионална библиотека "Любен Каравелов" Русе | Отдел Изкуство - подръчен фонд | 2011-06-29 | Отдел Изкуство - подръчен фонд | 4.00 | 250000004556 | ИП CD 2879 | 250000004556 | 1 | 2.05 | Дост: DA Вид: А N: 10 Дата: 29.06.2011 Съставил: Валя_Йорданова | Компактдискове |
| Не е изгубен | Universal Decimal Classification | Не е повреден | без рестрикции | заемане за дома | 395083 | Регионална библиотека "Любен Каравелов" Русе | Регионална библиотека "Любен Каравелов" Русе | Отдел Изкуство - подръчен фонд | 2011-10-17 | Отдел Изкуство - подръчен фонд | 4.00 | 250000004691 | 791.43/Н 57 | 250000004691 | 2 | 2.05 | Дост: DA Вид: А N: 15 Дата: 17.10.2011 Съставил: Валя_Йорданова | Компактдискове |